Dare to face rejection

Bibliographic Details
Main Authors: Lim, Billi P. S. (Author), Azhar Mohd. Nor (Author)
Format: Book
Language:English
Published: Petaling Jaya : Hardknocks factory 2006
Subjects:

MARC

LEADER 00000cam a2200000 7i4500
001 0000024924
005 20241114.0
008 050813 my a eng
020 |a 9839323946 
040 |a INS   |b eng   |e rda 
090 0 0 |a BF575.F14   |b L56 2006 
100 1 |a Lim, Billi P. S. ,   |e author 
245 1 0 |a Dare to face rejection   |c by Billi P. S. Lim and Azhar Mohd. Nor 
264 1 |a Petaling Jaya :   |b Hardknocks factory   |c 2006 
264 4 |c ©2006 
300 |a viii,104 pages :   |b illustrations ;   |c 21 cm. 
336 |a text  |2 rdacontent 
337 |a unmediated  |2 rdamedia 
338 |a volume  |2 rdacarrier 
500 |a Include index 
650 0 |a Failure (Psychology) 
650 0 |a Fear of failure 
650 0 |a Losers 
700 0 |a Azhar Mohd. Nor ,   |e author 
999 |a 1000001247   |b BOOK   |c Open Shelf   |e Default branch